1280 1708 1160 1655 1298 1161 1696 1474 1713 1263 1804 1512 1757 1121 1979 1416 1177 1161 1956 1949 1051 1519 1128 1006 1560 1047 1647 1778 1644 1203 1416 1882 1743 1931 1860 1953 1989 1658 1465 1959 1934 1389 1565 1985 1065 1833 1807 1074 1758 1247 1883 1528 1671 1989 1851 1160 1953 1365 1717 1728 1537 1264 1275 1892 1342 1651 1338 1097 1364 1144 1032 1999 1855 1503 1713 1354 1791 1592 1957 1099 1623 1525 1929 1970 1708 1508 1418 1725 1871 1845 1457 1833 1817 1314 1909 1073 1163 1492 1219 BCNSPRNW ULIB Ver.6.0+V

เปลี่ยนเป็นภาษาไทย

Change to English
 แสดงรายละเอียดบรรณานุกรม
  กลับหน้าหลัก

Brief Record : Get Marc (ISO 2709) : E-mail record : QR code < ปิดหน้าต่าง
LEADER : 00000nam 2200000uu 4500
001    13399128536
003     ULIB
008    230831s2565||||th 000 0 tha d
020    ^a8856652048370
060    ^aWS440^bป541น
100    ^aป้านกใหญ่
245    ^aนิทานเสริมสร้างทักษะในการใช้ชีวิต สอนให้เด็กมีความมั่นใจ และเกิดพัฒนาการตามวัยอย่างเหมาะสม หนูทำเอง หนูเก่งจัง : Do it By Yourseif, You Are Good
250    ^aพิมพ์ครั้งที่ 1
260    ^aกรุงเทพฯ :^bบริษัท วรรณาพับลิชชิ่ง จำกัด,^cม.ป.ป.
300    ^a24 หน้า;^c19 ซม.
650    ^aนิทานเด็ก
650    ^aเด็ก-พัฒนาการ
945    ^p50^l0^i010304
999    ^aประนอม เกษจรัล
รายการนี้ยังไม่มีแท็ก
คุณยังไม่ได้ล็อกอิน คุณสามารถมีกิจกรรมร่วมกับเว็บไซต์ได้ แต่ต้องล็อกอินก่อน ::
  ล็อกอิน

รายการสื่อสารสนเทศ

ลำดับที่ ประเภท เลขเรียก/บาร์โค้ด สถานที่ สถานะ
1. วิทยาศาสตร์การแพทย์ และสุขภาพ
วิทยาศาสตร์การแพทย์ และสุขภาพ
WS440 ป541น ฉ.1 
  Barcode: 010304
ห้องสมุดวิทยาเขตสวรรค์ประชารักษ์
►หนังสือทั่วไป
บนชั้น

รายการใกล้เคียง
    ชื่อเรื่อง [นิทานเสริมสร้างทักษะในการใช้ชีวิต สอนให้เด็กมีความมั่นใจ และเกิดพัฒนาการตามวัยอย่างเหมาะสม หนูทำเอง หนูเก่งจัง : Do it By Yourseif, You Are Good]

    ผู้แต่ง [ป้านกใหญ่]

    หัวเรื่อง [นิทานเด็ก]
    หัวเรื่อง [เด็ก-พัฒนาการ]

BibComment


ยังไม่เคยถูกคอมเมนท์

คอมเมนท์ทรัพยากรรายการนี้
  คอมเมนท์: นิทานเสริมสร้างท..


 Copyright 2026. Bcnsprnw @Library